Country Flags Drawn From Memory #2 - Statistics

General Stats
  • This quiz has been taken 92 times
    30 since last reset
  • The average score is 21 of 28
Answer Stats
Picture Answer % Correct
Spain
100%
Austria
96%
Brazil
96%
Norway
96%
Angola
92%
Haiti
92%
Jamaica
92%
Brunei
84%
Albania
80%
Italy
80%
Bulgaria
76%
Poland
76%
South Sudan
76%
Vatican City
76%
Cuba
72%
Cyprus
72%
Jordan
72%
North Macedonia
72%
Philippines
72%
Trinidad and Tobago
72%
Honduras
68%
Oman
68%
Papua New Guinea
68%
Kyrgyzstan
64%
Libya
64%
Equatorial Guinea
52%
St. Kitts and Nevis
48%
Syria
48%
No matching quizzes found
Score Distribution
Percent of People with Each Score
Percentile by Number Answered
Your Score History
You have not taken this quiz since the last reset